000 00320nam a22001337a 4500
008 181020b xxu||||| |||| 00| 0 eng d
020 _a0683080261
041 _aeng
080 _a616-053.2
100 _a8
101 _aPED
245 _aGait Disorders in Childhood and Adolescence
_cSutherland, D.H
942 _2udc
_cBK
999 _c50310
_d50310